| 000 | 01022nas a2200277 454500 | ||
|---|---|---|---|
| 001 | 34774 | ||
| 005 | 20260407193509.0 | ||
| 008 | 260407s1957####ag###########|||spa#d | ||
| 003 | AR-UNSa-BCEJYS | ||
| 040 |
_aAR-UNSa-BCEJYS _bspa _cAR-UNSa-BCEJYS |
||
| 080 |
_a330 _xEconomía en general |
||
| 245 | 1 | 0 | _aRevista del Instituto de Investigaciones Económicas |
| 264 | 1 |
_aSanta Fe : _bUniversidad Nacional del Litoral _c1957 |
|
| 310 | _aFrecuencia: Trimestral | ||
| 041 | _aspa | ||
| 942 | _cSER | ||
| 590 | _aniveau_biblio:s niveau_hierar:1 | ||
| 100 | 1 | _aUniversidad Nacional del Litoral. Facultad de Ciencias Económicas Comerciales y Políticas. Instituto de Investigaciones Económicas | |
| 650 | _aPolítica económica | ||
| 650 | _aPlanificación económica | ||
| 650 | _aInvestigación económica | ||
| 650 | _aModelo económico | ||
| 650 | _aECONOMIA | ||
| 650 | _aDESARROLLO ECONOMICO | ||
| 856 | 4 | 1 |
_uhttps://biblioeco.unsa.edu.ar/pmb/images/revistas/revInstInvEconomicas.jpg _yImagen de portada _qimage/jpeg |
| 999 |
_c8757 _d8757 |
||